[Event "VIE-ch (Women)"]
[Site "Hanoi"]
[Date "2024.03.15"]
[Round "7"]
[White "Dao, Thien Kim"]
[Black "Le, Thai Nga"]
[Result "0-1"]
[WhiteElo "1822"]
[BlackElo "1900"]
[PlyCount "40"]
[EventDate "2024.03.11"]
[EventType "swiss"]
[EventRounds "9"]
[EventCountry "VIE"]
[SourceTitle "CB13_2024"]
[SourceDate "2024.03.27"]
[SourceVersion "1"]
[SourceVersionDate "2024.03.27"]
[SourceQuality "1"]

1. d4 d5 2. c4 c6 3. Nc3 Nf6 4. Nf3 e6 5. Bg5 Be7 6. e3 Nbd7 7. c5 e5 8. Bxf6 Bxf6 9. Be2 0-0 10. Qc2 g6 11. 0-0 Bg7 12. b4 f5 13. dxe5 Nxe5 14. Nd4 f4 15. e4 f3 16. Nxf3 Nxf3+ 17. Bxf3 Rxf3 18. gxf3 Qg5+ 19. Kh1 Qf4 20. Kg2 Bh3+ 0-1

[Event "VIE-chT (Women)"]
[Site "Hanoi"]
[Date "2023.04.19"]
[Round "3"]
[White "Dao, Thien Kim"]
[Black "Nguyen, Thi Hong"]
[Result "1-0"]
[WhiteElo "1703"]
[BlackElo "1114"]
[PlyCount "109"]
[EventDate "2023.04.18"]
[EventType "swiss"]
[EventRounds "9"]
[EventCountry "VIE"]
[SourceTitle "EXT 2024"]
[Source "ChessBase"]
[SourceDate "2023.10.10"]
[SourceVersion "1"]
[SourceVersionDate "2023.10.10"]
[SourceQuality "1"]

1. e4 c5 2. Nf3 e6 3. d4 cxd4 4. Nxd4 Nf6 5. f3 Nc6 6. c3 d5 7. exd5 Qxd5 8. Nxc6 Qxc6 9. Bg5 Be7 10. Bd3 Qc5 11. Qd2 Qe5+ 12. Qe3 Qxe3+ 13. Bxe3 Nd5 14. Ke2 Nxe3 15. Kxe3 Bc5+ 16. Ke2 0-0 17. Rd1 a6 18. Nd2 b5 19. Nb3 Bb6 20. Be4 Ra7 21. Nd4 f5 22. Bc2 Re7 23. Bb3 Bd7 24. Rd2 Kh8 25. Rad1 e5 26. Nc2 Be6 27. Nb4 Bxb3 28. axb3 e4 29. f4 a5 30. Nd5 Re6 31. Nxb6 Rxb6 32. Rd7 a4 33. bxa4 bxa4 34. R1d2 h6 35. R7d4 Rfb8 36. Rxa4 Rxb2 37. Ra2 R2b3 38. Ra5 g6 39. c4 Rc3 40. Ra6 Rxc4 41. Rxg6 Kh7 42. Rf6 Rc5 43. Rd7+ Kg8 44. Rxh6 Rb2+ 45. Rd2 Rxd2+ 46. Kxd2 Kg7 47. Rd6 Rc8 48. h3 Rh8 49. Rd5 Kf6 50. g4 e3+ 51. Ke2 Rxh3 52. Rxf5+ Kg6 53. Re5 Rh4 54. Rg5+ Kf6 55. Kxe3 1-0

[Event "VIE-ch (Women)"]
[Site "Tinh Bac Giang"]
[Date "2022.02.28"]
[Round "1"]
[White "Dao, Thien Kim"]
[Black "Nguyen, Thi Mai Lan"]
[Result "1-0"]
[WhiteElo "1862"]
[BlackElo "1258"]
[PlyCount "135"]
[EventDate "2022.02.28"]
[EventType "swiss"]
[EventRounds "9"]
[EventCountry "VIE"]
[SourceTitle "CBM 207 Extra"]
[Source "ChessBase"]
[SourceDate "2022.05.31"]
[SourceVersion "1"]
[SourceVersionDate "2022.05.31"]
[SourceQuality "1"]

1. e4 c5 2. c3 d6 3. d4 cxd4 4. cxd4 Nf6 5. Nc3 g6 6. Nf3 Bg7 7. Bc4 0-0 8. 0-0 Nc6 9. h3 b6 10. Be3 Bb7 11. e5 Ne8 12. e6 f6 13. d5 Na5 14. Be2 Rc8 15. Qa4 a6 16. Qd7 Qc7 17. Rfd1 b5 18. Rac1 Nc4 19. Nxb5 axb5 20. Qxb5 Qb8 21. Bxc4 Nc7 22. Qb3 Qa8 23. a4 Rb8 24. Qa2 Ba6 25. b3 Rb7 26. Nd4 Bxc4 27. bxc4 Na6 28. Nc6 Nb4 29. Nxb4 Rxb4 30. a5 Rfb8 31. Rb1 f5 32. Rxb4 Rxb4 33. a6 Be5 34. a7 f4 35. Bd4 Bxd4 36. Rxd4 Rb7 37. Rxf4 Rxa7 38. Qb2 Rb7 39. Qd4 Rb1+ 40. Kh2 Qa1 41. Qxa1 Rxa1 42. Rf7 Ra7 43. Rf3 Rc7 44. Rc3 Kg7 45. Kg3 Kf6 46. Kf4 h6 47. h4 Rc8 48. Ke4 Rc7 49. Kd4 Ra7 50. g3 Kf5 51. Rf3+ Kg4 52. Rf4+ Kh5 53. Rf7 g5 54. hxg5 hxg5 55. f4 gxf4 56. gxf4 Rb7 57. Rf8 Kg6 58. f5+ Kg5 59. Rf7 Rb1 60. Rxe7 Kxf5 61. Rf7+ Kg6 62. Rf3 Rd1+ 63. Kc3 Rc1+ 64. Kb4 Rb1+ 65. Rb3 Rc1 66. Kb5 Kf6 67. Rf3+ Kg7 68. Rf4 1-0

[Event "VIE Cup (Women)"]
[Site "Hanoi"]
[Date "2021.??.??"]
[Round "5"]
[White "Bui, Thi Diep Anh"]
[Black "Dao, Thien Kim"]
[Result "0-1"]
[WhiteElo "1756"]
[BlackElo "1862"]
[PlyCount "120"]
[EventDate "2021.05.03"]
[EventType "swiss"]
[EventRounds "9"]
[EventCountry "VIE"]
[SourceTitle "EXT 2022"]
[Source "ChessBase"]
[SourceDate "2021.10.06"]
[SourceVersion "1"]
[SourceVersionDate "2021.10.06"]
[SourceQuality "1"]

1. e4 e5 2. Nf3 Nc6 3. Bb5 Bc5 4. 0-0 d6 5. d4 exd4 6. Nxd4 Bd7 7. Nb3 Bb6 8. Nc3 a6 9. Bd3 h6 10. Nd5 Ba7 11. Bd2 Nge7 12. Bc3 Ne5 13. Na5 Rb8 14. Nc4 N7g6 15. Be2 0-0 16. Nce3 c6 17. Nb4 Bxe3 18. fxe3 Qe7 19. Bd4 Be6 20. Bb6 Rbc8 21. Ba5 Qg5 22. Qd2 Nh4 23. Rf2 Bh3 24. g3 Nhg6 25. Rd1 Ng4 26. Rf3 Qxa5 27. Rf5 Qb6 28. Rh5 Nxe3 29. Qd4 Qxd4 30. Rxd4 Bg4 31. Bxg4 Nxg4 32. Rxd6 Rfd8 33. Rxd8+ Rxd8 34. Nd3 Nf6 35. Rf5 Nxe4 36. Kf1 Nd2+ 37. Ke2 Nc4 38. Rc5 Re8+ 39. Kf2 Nge5 40. b3 Nxd3+ 41. cxd3 Nb2 42. Rc2 Nxd3+ 43. Kf1 Re1+ 44. Kg2 Nb4 45. Rd2 Nd5 46. Kf2 Re6 47. Kf3 f5 48. Rd4 Kf7 49. Kf2 Kf6 50. Kf3 g5 51. h3 h5 52. Rc4 Re3+ 53. Kf2 Re4 54. Rc2 Ke5 55. Rd2 g4 56. hxg4 hxg4 57. Kg2 Re3 58. Rf2 f4 59. gxf4+ Nxf4+ 60. Kh1 g3 0-1

[Event "VIE-ch U15 Girls"]
[Site "Ho Chi Minh City"]
[Date "2014.07.17"]
[Round "7"]
[White "Dao, Thien Kim"]
[Black "Tran, Phan Bao Khanh"]
[Result "0-1"]
[WhiteElo "1905"]
[BlackElo "1691"]
[PlyCount "84"]
[EventDate "2014.07.13"]
[EventType "swiss"]
[EventRounds "9"]
[EventCountry "VIE"]
[SourceTitle "EXT 2016"]
[Source "ChessBase"]
[SourceDate "2015.10.08"]
[SourceVersion "1"]
[SourceVersionDate "2015.10.08"]
[SourceQuality "1"]

1. e4 c5 2. Nf3 d6 3. d4 cxd4 4. Nxd4 Nf6 5. Nc3 a6 6. Be3 e6 7. Be2 Be7 8. 0-0 0-0 9. Bf3 Qc7 10. h3 Nc6 11. a4 Ne5 12. Be2 b6 13. Nb3 Bb7 14. Nd2 d5 15. exd5 Nxd5 16. Nxd5 Bxd5 17. c3 Qc6 18. f3 b5 19. Kh1 f5 20. Nb3 Nc4 21. Bxc4 bxc4 22. Nd4 Qb7 23. Qc2 Qb8 24. Rae1 Qd6 25. Rd1 Bd8 26. Rfe1 Bc7 27. Bg1 Rf6 28. Qf2 Rh6 29. Rf1 Rf8 30. Nc2 Qf4 31. Nb4 Bb7 32. Rd7 a5 33. Nc2 Bc6 34. Rd4 Qg5 35. Rxc4 Bg3 36. Qe3 f4 37. Qc5 Bd5 38. Qxa5 Rh5 39. Rc5 Qh6 40. Bh2 Rxh3 41. gxh3 Qxh3 42. Rf2 Bxf3+ 0-1

[Event "VIE-ch U15 Girls"]
[Site "Ho Chi Minh City"]
[Date "2014.07.17"]
[Round "8"]
[White "Ha Dang Nhat, Thao"]
[Black "Dao, Thien Kim"]
[Result "0-1"]
[WhiteElo "1896"]
[BlackElo "1905"]
[PlyCount "98"]
[EventDate "2014.07.13"]
[EventType "swiss"]
[EventRounds "9"]
[EventCountry "VIE"]
[SourceTitle "EXT 2016"]
[Source "ChessBase"]
[SourceDate "2015.10.08"]
[SourceVersion "1"]
[SourceVersionDate "2015.10.08"]
[SourceQuality "1"]

1. d4 d5 2. c4 c6 3. Nc3 e6 4. cxd5 exd5 5. a3 Nf6 6. Bg5 Be7 7. Qc2 h6 8. Bh4 0-0 9. e3 Be6 10. Bd3 Nbd7 11. Nge2 Bd6 12. 0-0 Qc7 13. Bg3 Rac8 14. b4 Ng4 15. Bxd6 Qxd6 16. g3 Ngf6 17. Nf4 b6 18. Qe2 Rfe8 19. Rab1 Nf8 20. Qd2 Qd7 21. Rfe1 Bg4 22. Be2 Bf5 23. Bd3 Ne4 24. Nxe4 dxe4 25. Bf1 Nh7 26. Kh1 Ng5 27. Bg2 Bg4 28. Rf1 Bf3 29. Qb2 Qg4 30. Rg1 Qf5 31. Rbc1 Red8 32. Bxf3 Nxf3 33. Rg2 a5 34. Qb3 Qb5 35. Qc4 Qa4 36. Ng6 Rc7 37. Nh4 Qxa3 38. bxa5 bxa5 39. Nxf3 exf3 40. Rgg1 Qe7 41. Qc5 Qxc5 42. Rxc5 Ra8 43. Ra1 a4 44. Rc4 a3 45. Rc3 a2 46. Rc2 Rb7 47. Rcc1 Rb2 48. h4 Rxf2 49. Kg1 Rb2 0-1

[Event "VIE-ch U15 Girls"]
[Site "Ho Chi Minh City"]
[Date "2014.07.15"]
[Round "4"]
[White "Tran, Ngoc Minh Tuong"]
[Black "Dao, Thien Kim"]
[Result "0-1"]
[WhiteElo "1615"]
[BlackElo "1905"]
[PlyCount "102"]
[EventDate "2014.07.13"]
[EventType "swiss"]
[EventRounds "9"]
[EventCountry "VIE"]
[SourceTitle "EXT 2016"]
[Source "ChessBase"]
[SourceDate "2015.10.08"]
[SourceVersion "1"]
[SourceVersionDate "2015.10.08"]
[SourceQuality "1"]

1. Nf3 d5 2. e3 Nf6 3. b3 b6 4. Bb2 Bb7 5. d3 e6 6. Nbd2 Nbd7 7. g3 Bd6 8. Bg2 0-0 9. 0-0 h6 10. Re1 Re8 11. Rc1 c6 12. c4 Nc5 13. Nb1 a5 14. Nc3 e5 15. Nh4 e4 16. dxe4 dxe4 17. Bf1 Bc8 18. Rc2 Qc7 19. Rd2 Be7 20. Qa1 Nh7 21. Ng2 Ng5 22. Be2 Nd3 23. Red1 Nh3+ 24. Kf1 Nhxf2 25. Rb1 Bf5 26. Nd1 Nxd1 27. Rbxd1 Nxb2 28. Qxb2 Bb4 29. Rc2 Rad8 30. Rd4 Bc5 31. Rdd2 Rxd2 32. Rxd2 Bh3 33. Bd1 Bxe3 34. Re2 Bc5 35. Bc2 e3 36. Qc3 Bg4 37. Qd3 Bxe2+ 38. Kxe2 g6 39. Nf4 Qd6 40. Qxd6 Bxd6 41. Bd3 Bxf4 42. gxf4 f5 43. h4 Kg7 44. Kf3 Kf6 45. Bf1 g5 46. hxg5+ hxg5 47. fxg5+ Kxg5 48. Ke2 f4 49. Bg2 c5 50. Bd5 Rh8 51. Kd3 Rh2 0-1

[Event "VIE-ch U13 Girls"]
[Site "Da Lat"]
[Date "2013.07.??"]
[Round "6"]
[White "Dao, Thien Kim"]
[Black "Nguyen Ngoc Doan, Trang"]
[Result "1/2-1/2"]
[WhiteElo "1984"]
[BlackElo "1970"]
[PlyCount "47"]
[EventDate "2013.07.13"]
[EventType "swiss"]
[EventRounds "9"]
[EventCountry "VIE"]
[SourceTitle "EXT 2014"]
[Source "ChessBase"]
[SourceDate "2013.11.20"]
[SourceVersion "1"]
[SourceVersionDate "2013.11.20"]
[SourceQuality "1"]

1. e4 d5 2. exd5 Qxd5 3. Nc3 Qa5 4. d4 c6 5. Nf3 Bf5 6. Bf4 e6 7. a3 Nf6 8. Bd3 Bg4 9. h3 Bxf3 10. Qxf3 Qb6 11. 0-0-0 Nbd7 12. Ne4 Nxe4 13. Bxe4 Be7 14. g4 Nf6 15. Bd3 Nd5 16. Be5 Bg5+ 17. Kb1 Bf6 18. Bxf6 Nxf6 19. Be4 Nxe4 20. Qxe4 Qc7 21. Qe5 Qxe5 22. dxe5 Ke7 23. Rd6 Rad8 24. Rhd1 1/2-1/2

[Event "VIE-ch U13 Girls"]
[Site "Da Lat"]
[Date "2013.07.??"]
[Round "2"]
[White "Le Thi Nhu, Quynh"]
[Black "Dao, Thien Kim"]
[Result "1-0"]
[WhiteElo "1976"]
[BlackElo "1984"]
[PlyCount "107"]
[EventDate "2013.07.13"]
[EventType "swiss"]
[EventRounds "9"]
[EventCountry "VIE"]
[SourceTitle "EXT 2014"]
[Source "ChessBase"]
[SourceDate "2013.11.20"]
[SourceVersion "1"]
[SourceVersionDate "2013.11.20"]
[SourceQuality "1"]

1. d4 d5 2. c4 e6 3. Nc3 Nf6 4. Nf3 b6 5. cxd5 Nxd5 6. g3 Bb7 7. Bg2 Bb4 8. Bd2 Nc6 9. Nxd5 Bxd2+ 10. Qxd2 exd5 11. 0-0 0-0 12. Rfc1 Rc8 13. Bh3 Rb8 14. Rc2 a5 15. a3 h6 16. b4 axb4 17. axb4 Qe7 18. b5 Na5 19. Qd3 c6 20. Ne5 Bc8 21. Bxc8 Rfxc8 22. Nxc6 Nxc6 23. Rxc6 Qd7 24. Rac1 g6 25. Kg2 Kg7 26. Qf3 Rf8 27. Qf6+ Kg8 28. Rxb6 Qa7 29. Rxb8 Rxb8 30. Rc5 Qd7 31. Qc6 Qxc6 32. bxc6 Rc8 33. Kf3 g5 34. e4 dxe4+ 35. Kxe4 Kf8 36. Kf5 Ke7 37. d5 Kd6 38. Rb5 Re8 39. f4 gxf4 40. Kxf4 Re2 41. Rb8 Kc7 42. Rf8 Kd6 43. Rd8+ Kc7 44. Rd7+ Kc8 45. h4 f6 46. g4 Re5 47. g5 hxg5+ 48. hxg5 Rxg5 49. Ke4 Re5+ 50. Kd4 Re1 51. Kc5 Rh1 52. Rf7 Rh5 53. Rxf6 Rh8 54. Rf7 1-0